Cargando...

Pesticides in the environment /

Detalles Bibliográficos
Outros autores: White-Stevens, Robert (Editor)
Formato: Printed Book
Idioma:English
Publicado: Marcel Dekker, 1971.
Series:v1 pt 1
LEADER 00468nam a2200145Ia 4500
008 150624b xxu||||| |||| 00| 0 eng d
082 |a 668.65 
245 |a Pesticides in the environment / 
260 |b Marcel Dekker,  |c 1971. 
300 |a 270 p. 
490 |a v1 pt 1 
700 |a White-Stevens, Robert  |e editor. 
942 |c BK 
999 |c 18062  |d 18062 
952 |0 0  |1 0  |4 0  |6 668_650000000000000_WHI_P  |7 0  |9 18061  |a UL  |b UL  |c ST2  |d 1998-09-01  |l 0  |o 668.65 WHI/P  |p 27470  |r 2012-10-27  |w 2012-10-27  |y BK